Tên bạo chúa
Sparad:
| Materialtyp: | Bok |
|---|---|
| Språk: | Vietnamese |
| Publicerad: |
Công an nhân dân
2000
|
| Taggar: |
Lägg till en tagg
Inga taggar, Lägg till första taggen!
|
| Thư viện lưu trữ: | Mạng thư viện Đại học Đà Nẵng |
|---|
| LEADER | 00581nam a2200241 4500 | ||
|---|---|---|---|
| 001 | 000022423 | ||
| 003 | 18871 | ||
| 005 | 20150506090516.0 | ||
| 008 | 150506s2000 viesd | ||
| 020 | |c 28500 | ||
| 041 | 0 | |a vie | |
| 082 | 1 | 4 | |a 839,31 |b Tê-B |
| 245 | 1 | 0 | |a Tên bạo chúa |c Đoàn Doãn dịch |
| 260 | |b Công an nhân dân |c 2000 | ||
| 300 | |a tr. |c cm. | ||
| OWN | |a LSP | ||
| 999 | |a From the UDN01 | ||
| TYP | |a Monograph | ||
| TYP | |a Printed language | ||
| 980 | |a Mạng thư viện Đại học Đà Nẵng | ||